Mots difficiles en B - Statistiques

Statistiques générales
  • Ce quiz a été pris 804 fois
  • Le résultat moyen est 13 sur 15
Statistiques - réponses
Question Réponse % Correct
Brusque (adjectif) Qui agit brutalement et soudainement
99%
Blasphème (nom) Parole qui outrage la religion
96%
Bénin (adjectif) Sans gravité
95%
Babouche (nom) Chaussure orientale
94%
Balistique (nom) Science des projectiles en mouvement
92%
Barouder (verbe) Voyager à la découverte du monde
89%
Baryton (nom) Voix masculine de tessiture moyenne
88%
Boulodrome (nom) Terrain pour jouer aux boules
84%
Besogne (nom) Travail imposé souvent pénible
84%
Bastion (nom) Fortification sur une place forte
83%
Belliqueux (adjectif) Qui recherche le conflit
82%
Biseauter (verbe) Tailler un bord à angle oblique
79%
Bucolique (adjectif) Rustique mais poétiquement
77%
Babillard (adjectif) Bavard
69%
Blanc-seing (nom) Signature apposée sur un document blanc
55%
Aucun quiz correspondant
Distribution des résultats
% des personnes avec chaque résultat
Percentile par nombre de réponses
Votre historique - résultats
Vous n’avez pas pris ce quiz